Eastern Utah Libraries Catalog: Duchesne, Heber, Roosevelt, & Vernal

24. season one / (Record no. 35895)

MARC details
000 -LEADER
fixed length control field 02232cgm a2200505 a 4500
001 - CONTROL NUMBER
control field 50680595
003 - CONTROL NUMBER IDENTIFIER
control field OCoLC
005 - DATE AND TIME OF LATEST TRANSACTION
control field 20260109114508.0
007 - PHYSICAL DESCRIPTION FIXED FIELD--GENERAL INFORMATION
fixed length control field vd cgaizq
008 - FIXED-LENGTH DATA ELEMENTS--GENERAL INFORMATION
fixed length control field 020926s2002 cau000 vleng d
024 10 - OTHER STANDARD IDENTIFIER
Standard number or code 024543054160
035 ## - SYSTEM CONTROL NUMBER
System control number (Sirsi) 50680595
037 ## - SOURCE OF ACQUISITION
Terms of availability $59.98
040 ## - CATALOGING SOURCE
Original cataloging agency JJG
Transcribing agency JJG
Modifying agency SPP
Description conventions rda
041 1# - LANGUAGE CODE
Language code of text/sound track or separate title engspa
Language code of summary or abstract/overprinted title or subtitle engspa
043 ## - GEOGRAPHIC AREA CODE
Geographic area code n-us---
049 ## - LOCAL HOLDINGS (OCLC)
Holding library SPPA
092 ## - LOCALLY ASSIGNED DEWEY CALL NUMBER (OCLC)
Classification number 791.457
099 ## - LOCAL FREE-TEXT CALL NUMBER (OCLC)
Classification number DVD
245 00 - TITLE STATEMENT
Title 24. season one /
246 3# - VARYING FORM OF TITLE
Title proper/short title Twenty four
246 1# - VARYING FORM OF TITLE
Display text Insert title:
Title proper/short title 24, the complete first season
246 10 - VARYING FORM OF TITLE
Title proper/short title 24
260 ## - PUBLICATION, DISTRIBUTION, ETC. (IMPRINT)
Place of publication, distribution, etc Beverly Hills, CA :
Name of publisher, distributor, etc Twentieth Century Fox,
Date of publication, distribution, etc 2002.
264 ## - Production, Publication, Distribution, Manufacture, and Copyright Notice.
Place of production, publication, distribution, manufacture Beverly Hills, CA :
Name of producer, publisher, distributor, manufacturer Imagine Television ; produced in association with Real Time Productions ; executive producers, Brian Grazer and Tony Krantz ; created by Joel Surnow and Robert Cochran.
Date of production, publication, distribution, manufacture, or copyr 2002.
300 ## - PHYSICAL DESCRIPTION
Extent 6 videodiscs (ca. 1152 min.) :
Other physical details sd., col. ;
Dimensions 4 3/4 in.
500 ## - GENERAL NOTE
General note Originally broadcast by FOX between November 2001 and May 2002.
505 0# - FORMATTED CONTENTS NOTE
Formatted contents note Disc 1. 12:00 am - 4:00 am -- Disc 2. 4:00 am - 8:00 am -- Disc 3. 8:00 am - 12:00 pm -- Disc 4. 12:00 pm - 4:00 pm -- Disc 5. 4:00 pm - 8:00 pm -- Disc 6. 8:00 pm - 12:00 am.
511 1# - PARTICIPANT OR PERFORMER NOTE
Participant or performer note Kiefer Sutherland, Leslie Hope, Sarah Clarke, Elisha Cuthbert, and Dennis Haysbert.
520 ## - SUMMARY, ETC.
Summary, etc Jack Bauer, head of the Los Angeles Counter Terrorist Unit, is thrust into a 24-hour marathon of death, deception, and terror as he struggles to prevent the assassination of a presidential candidate, find the traitor within his own organization, and save his kidnapped wife and daughter.
521 ## - TARGET AUDIENCE NOTE
Target audience note Not rated.
538 ## - SYSTEM DETAILS NOTE
System details note DVD format. Dolby digital surround.
540 ## - TERMS GOVERNING USE AND REPRODUCTION NOTE
Terms governing use and reproduction Home use only.
650 #0 - SUBJECT ADDED ENTRY--TOPICAL TERM
Topical term or geographic name as entry element Television programs
Geographic subdivision United States.
9 (RLIN) 5700096
651 #0 - SUBJECT ADDED ENTRY--GEOGRAPHIC NAME
Geographic name Los Angeles (Calif.)
Form subdivision Drama.
9 (RLIN) 6155845
700 1# - ADDED ENTRY--PERSONAL NAME
Personal name Sutherland, Kiefer,
Dates associated with a name 1967-
9 (RLIN) 62454
700 1# - ADDED ENTRY--PERSONAL NAME
Personal name Hope, Leslie.
9 (RLIN) 67130
700 1# - ADDED ENTRY--PERSONAL NAME
Personal name Clarke, Sarah.
9 (RLIN) 75885
700 1# - ADDED ENTRY--PERSONAL NAME
Personal name Cuthbert, Elisha.
9 (RLIN) 77463
700 1# - ADDED ENTRY--PERSONAL NAME
Personal name Haysbert, Dennis.
9 (RLIN) 40040
710 2# - ADDED ENTRY--CORPORATE NAME
Corporate name or jurisdiction name as entry element Imagine Entertainment (Firm)
9 (RLIN) 61674
710 2# - ADDED ENTRY--CORPORATE NAME
Corporate name or jurisdiction name as entry element Twentieth Century Fox Home Entertainment, Inc.
9 (RLIN) 61951
730 0# - ADDED ENTRY--UNIFORM TITLE
Uniform title 24 (Television program)
9 (RLIN) 68350
942 ## - ADDED ENTRY ELEMENTS (KOHA)
Koha item type DVD
Source of classification or shelving scheme Dewey Decimal Classification
Holdings
Withdrawn status Lost status Source of classification or shelving scheme Materials specified (bound volume or other part) Damaged status Not for loan Collection code Home library Current library Shelving location Date acquired Source of acquisition Cost, normal purchase price Serial Enumeration / chronology Total Checkouts Total Renewals Full call number Barcode Checked out Date last seen Date checked out Cost, replacement price Price effective from Koha item type Public note
  Long Overdue (Lost) Dewey Decimal Classification .CIRCNOTE. 6 discs     Movies Wasatch County Library Wasatch County Library Audio Visual Area 04/01/2020 Donation 19.95 Season 1 6 10 DVD 24 34301001684549 07/07/2025 06/17/2025 06/17/2025 19.95 03/20/2020 DVD .PUBLIC. 6 discs
    Dewey Decimal Classification 6 discs     Television Series Wasatch County Library Wasatch County Library Audio Visual Area 01/09/2026 Amazon   Season 1     TV Series 24 #1 34301002176925   01/09/2026   13.98 01/09/2026 DVD Series  
This project was made possible through a grant from the Institute of Museum and Library Service administered by the Utah State Library Division.

Wasatch County Library

  • 465 East 1200 South, Heber City, Utah 84032
  • Phone 435-654-1511 | Fax 435-654-6456

Hours

  • Monday - Friday 9:30 AM - 8:00 PM
  • Saturday 9:30 AM - 1:30 PM
  • Closed Sundays and Holidays